| 000 | 00562nam a22002057a 4500 | ||
|---|---|---|---|
| 003 | Ost | ||
| 005 | 20260224093401.0 | ||
| 008 | 250305b |||||||| |||| 00| 0 eng d | ||
| 020 | _a9781606065938 | ||
| 040 | _cBT-PhCST | ||
| 050 | _a25202 | ||
| 082 |
_222 _a363.6 _bCOD |
||
| 100 | _aCody, Jeffrey W. | ||
| 245 |
_aHistoric Cities : _bissues in urban conservation / |
||
| 260 |
_aCalifornia : _bGetty Conservation Institute, _cc2019 |
||
| 300 |
_axxi, 610 p. : _bill. ; _c25 cm. |
||
| 500 | _aIncludes index. | ||
| 700 | _aSiravo, Francesco, | ||
| 942 |
_2ddc _cAE |
||
| 999 |
_c9904 _d9904 |
||